000 00603cam a22002053a 4500
001 39176
003 PGUSA
005 20140828083853.0
008 120317s2012||||xxu|||||s|||||000 | eng d
040 _aPGUSA
_beng
042 _adc
100 1 _aLee, Eliza Buckminster,
_d1788-1864
245 1 0 _aDelusion, or The Witch of New England
_h[electronic resource] /
_cEliza Buckminster Lee
260 _bProject Gutenberg,
_c2012
506 _aPublic domain in the USA.
516 _aElectronic text
830 0 _aProject Gutenberg
_v39176
856 4 0 _uhttp://www.gutenberg.org/ebooks/39176
942 _cEB
999 _c268429
_d268429